Mappila Muslims of Kerala (Record no. 4838)
[ view plain ]
| 000 -LEADER | |
|---|---|
| fixed length control field | 00660nam a2200253 a 4500 |
| 020 ## - INTERNATIONAL STANDARD BOOK NUMBER | |
| ISBN | |
| 082 00 - DEWEY DECIMAL CLASSIFICATION NUMBER | |
| Classification number | 305.6297054 |
| Author Cutter | MIL |
| 100 ## - MAIN ENTRY--AUTHOR NAME | |
| Author name | Miller, Roland E |
| 245 ## - TITLE STATEMENT | |
| Title | Mappila Muslims of Kerala |
| Sub title | Study in Islamic Trends |
| 260 ## - PUBLICATION, DISTRIBUTION, ETC. (IMPRINT) | |
| Place of publication | Delhi |
| Name of publisher | Orient Longmans |
| Year of publication | 1976 |
| 300 ## - PHYSICAL DESCRIPTION | |
| Number of Pages | 350p |
| 500 ## - GENERAL NOTE | |
| General note | includes index and biblioraphy |
| 505 2# - FORMATTED CONTENTS NOTE | |
| Formatted contents note | four volumes bound together |
| 650 ## - SUBJECT ADDED ENTRY--TOPICAL TERM | |
| Topical Term | Muslims-India-Kerala |
| 650 ## - SUBJECT ADDED ENTRY--TOPICAL TERM | |
| Topical Term | Mapilla Muslims |
| 942 ## - ADDED ENTRY ELEMENTS (KOHA) | |
| Koha item type | Books |
| 700 1# - | |
| -- | Miller, Roland E |
| Collection code | Home library | Current library | Date acquired | Cost, normal purchase price | Full call number | Accession Number | Koha item type |
|---|---|---|---|---|---|---|---|
| Henry Martyn Institute Library | Henry Martyn Institute Library | 09/22/2008 | 100.00 | 305.6297054 MIL | 07931 | Books |
